[Event "FICS rated lightning game"]
[Site "FICS freechess.org"]
[Date "2017.08.22"]
[Round "?"]
[White "scalaQueen"]
[Black "ddlchess"]
[Result "0-1"]
[WhiteElo "2141"]
[BlackElo "2149"]
[PlyCount "128"]
[EventDate "2017.??.??"]
[EventType "swiss"]

1. e4 c5 2. Nf3 Nc6 3. d4 cxd4 4. Nxd4 Nf6 5. Nc3 d6 6. Be2 e5 7. Nxc6 bxc6 8.
Be3 Be7 9. O-O O-O 10. f4 exf4 11. Rxf4 Kh8 12. Bc4 Be6 13. Bxe6 fxe6 14. a3
Qe8 15. Rf1 Qg6 16. Qd4 c5 17. Qc4 Ng4 18. Bf4 Rab8 19. Nb5 e5 20. Bd2 a6 21.
Nc7 Rxb2 22. Nd5 Qe6 23. h3 Nf6 24. Rf5 Nxd5 25. Rxf8+ Bxf8 26. exd5 Qg6 27.
Rf1 Be7 28. Qxa6 h6 29. Qc8+ Kh7 30. Qf5 Qxf5 31. Rxf5 Rxc2 32. Be3 Rc3 33. Bd2
Rxa3 34. Kf2 Bh4+ 35. Ke2 Rg3 36. Kf1 Rd3 37. Ke2 Rxd5 38. Rf8 Rd4 39. Rf7 Ra4
40. Rb7 Bg3 41. Rd7 Ra6 42. Rb7 Ra2 43. Kd3 c4+ 44. Kc3 Bf2 45. Bxh6 d5 46. Bd2
Bd4+ 47. Kb4 Rb2+ 48. Ka4 Rxb7 49. Bg5 c3 50. g4 c2 51. Bd2 Bb2 52. Be3 c1=Q
53. Bxc1 Bxc1 54. h4 Rb2 55. g5 Kg6 56. Ka3 Kh5 57. Ka4 g6 58. Ka3 Kxh4 59. Ka4
e4 60. Ka5 e3 61. Ka6 Kxg5 62. Ka5 e2 63. Ka6 e1=Q 64. Ka7 Qa5# 0-1

[Event "EU Union-ch U14"]
[Site "Kouty nad Desnou"]
[Date "2017.08.21"]
[Round "3"]
[White "Marcinczyk, Monika"]
[Black "Ocko, Dominik"]
[Result "1-0"]
[WhiteElo "1671"]
[BlackElo "1917"]
[PlyCount "71"]
[EventDate "2017.08.19"]
[EventType "swiss"]
[EventRounds "9"]
[EventCountry "CZE"]
[SourceTitle "OM OTB B 201907"]
[Source "Opening Master"]
[SourceDate "2019.07.06"]
[SourceVersion "2"]
[SourceVersionDate "2019.07.06"]
[SourceQuality "1"]

1. e4 c5 2. Nf3 d6 3. d4 cxd4 4. Nxd4 Nf6 5. Nc3 Nc6 6. Be2 e5 7. Nb3 Be7 8.
Be3 O-O 9. O-O a5 10. Kh1 a4 11. Nd2 a3 12. b3 Qa5 13. Na4 b5 14. Nb6 Rb8 15.
Nxc8 Rfxc8 16. c4 Nb4 17. f3 d5 18. exd5 Nfxd5 19. cxd5 Nc2 20. Nc4 Rxc4 21.
Bd2 Bb4 22. bxc4 Nxa1 23. Bxb4 Qxb4 24. Qxa1 bxc4 25. Qc1 c3 26. Bd1 Qb2 27.
Bb3 Kf8 28. Qe3 Kg8 29. Qxe5 Rc8 30. Qf5 Rb8 31. d6 Rf8 32. d7 c2 33. Qxc2 Qxc2
34. Bxc2 Rd8 35. Rd1 Kf8 36. Kg1 1-0

[Event "FICS rated standard game"]
[Site "FICS freechess.org"]
[Date "2017.08.21"]
[Round "?"]
[White "enriquef"]
[Black "GriffySr"]
[Result "0-1"]
[WhiteElo "1940"]
[BlackElo "2198"]
[PlyCount "66"]
[EventDate "2017.??.??"]
[EventType "swiss"]

1. e4 c5 2. Nf3 d6 3. d4 cxd4 4. Nxd4 Nf6 5. Nc3 Nc6 6. Be2 e5 7. Ndb5 a6 8.
Na3 b5 9. Nd5 Nxd5 10. exd5 Nd4 11. c3 Nxe2 12. Qxe2 Bb7 13. Qd3 Rc8 14. O-O
Rc5 15. Rd1 Rxd5 16. Qxd5 Bxd5 17. Rxd5 Qa8 18. Rd3 Qe4 19. Re3 Qd5 20. Re1 Be7
21. Be3 O-O 22. b3 Rc8 23. Rad1 Qe4 24. c4 Qb7 25. Rc1 d5 26. c5 d4 27. Bd2
Bxc5 28. b4 Bd6 29. Rxc8+ Qxc8 30. Rc1 Bc7 31. f4 e4 32. f5 e3 33. Be1 Bxh2+
0-1

[Event "Cubuk TUR, 3rd Open"]
[Site "Cubuk TUR"]
[Date "2017.08.20"]
[Round "2.12"]
[White "Guven, Oguz Kagan"]
[Black "Guseynov, Alihan"]
[Result "0-1"]
[WhiteElo "1878"]
[BlackElo "2399"]
[PlyCount "112"]
[EventDate "2017.08.19"]
[EventType "swiss"]
[EventRounds "9"]
[EventCountry "TUR"]
[SourceTitle "OM OTB B 201907"]
[Source "Opening Master"]
[SourceDate "2019.07.06"]
[SourceVersion "2"]
[SourceVersionDate "2019.07.06"]
[SourceQuality "1"]

1. e4 c5 2. Nf3 d6 3. d4 cxd4 4. Nxd4 Nf6 5. Nc3 Nc6 6. Be2 e5 7. Nb3 Be7 8.
Bg5 O-O 9. O-O Nxe4 10. Nxe4 Bxg5 11. Qxd6 Be7 12. Qxd8 Rxd8 13. c3 b6 14. Bc4
Bb7 15. Rfe1 Rac8 16. Ng3 g6 17. Rad1 Kg7 18. Nf1 Bg5 19. Rxd8 Rxd8 20. f3 f5
21. Kf2 Rd6 22. a4 e4 23. fxe4 Ne5 24. Be2 fxe4 25. Nd4 Rf6+ 26. Kg1 h5 27. a5
bxa5 28. Ra1 Nc6 29. Nxc6 Rxc6 30. Rxa5 Bd8 31. Rd5 Bb6+ 32. Kh1 Rc7 33. Re5
Kf6 34. Re8 Bc6 35. Rd8 Kg5 36. Rd6 Bb7 37. h4+ Kh6 38. Ng3 Bf2 39. Nxh5 Bc5
40. Re6 Bc8 41. Re5 gxh5 42. Rxh5+ Kg7 43. Re5 Bb7 44. h5 Be3 45. g4 Bc1 46. b4
Bd2 47. b5 Bxc3 48. Rg5+ Kh7 49. Kg2 Rf7 50. Bc4 e3+ 51. Kg1 Bd4 52. Kh2 e2 53.
Bxe2 Rf2+ 54. Kg3 Rxe2 55. Rf5 Kh6 56. Rf7 Be5+ 0-1

[Event "Barcelona Sants op 19th"]
[Site "Barcelona"]
[Date "2017.08.19"]
[Round "2"]
[White "Liu, Manli"]
[Black "Panelo Munoz, Marcelo A"]
[Result "1/2-1/2"]
[WhiteElo "2162"]
[BlackElo "2386"]
[PlyCount "107"]
[EventDate "2017.08.18"]
[EventType "swiss"]
[EventRounds "10"]
[EventCountry "ESP"]
[SourceTitle "OM OTB B 201907"]
[Source "Opening Master"]
[SourceDate "2019.07.06"]
[SourceVersion "2"]
[SourceVersionDate "2019.07.06"]
[SourceQuality "1"]

1. e4 c5 2. Nf3 d6 3. d4 cxd4 4. Nxd4 Nf6 5. Nc3 Nc6 6. Be2 e5 7. Nb3 Be7 8.
O-O O-O 9. Be3 a5 10. Nd2 d5 11. exd5 Nb4 12. Nc4 Nfxd5 13. Nxd5 Nxd5 14. Bc1
Bf6 15. Bf3 Be6 16. Re1 Nb4 17. Nxe5 Bf5 18. Nd3 Nxc2 19. Qxc2 Qxd3 20. Qxd3
Bxd3 21. Bf4 Bxb2 22. Bxb7 Rae8 23. Bd6 Bxa1 24. Rxa1 Be4 25. Bxf8 Kxf8 26. Ba6
Rb8 27. f3 Bd5 28. a3 Rb6 29. Bf1 Rb3 30. Rd1 Be6 31. a4 Rb4 32. Bb5 Bc4 33.
Bc6 Rb6 34. Be4 Ke7 35. Rd4 Rb4 36. Bc6 Bb3 37. Rd7+ Ke6 38. Rd8 Bxa4 39. Bd5+
Kf6 40. Ra8 Rb5 41. Ra6+ Ke5 42. Bxf7 Bc2 43. Be8 Rc5 44. h4 Kd4 45. Ra7 Re5
46. Bc6 Rc5 47. Be8 g5 48. hxg5 Rxg5 49. Kf2 Rc5 50. g4 Re5 51. Bc6 Rc5 52. Be8
Re5 53. Bc6 Rc5 54. Be8 1/2-1/2

[Event "EU Union-ch U14"]
[Site "Kouty nad Desnou"]
[Date "2017.08.19"]
[Round "1"]
[White "Marcinczyk, Monika"]
[Black "Mitev, Valentin"]
[Result "1/2-1/2"]
[WhiteElo "1671"]
[BlackElo "2037"]
[PlyCount "120"]
[EventDate "2017.08.19"]
[EventType "swiss"]
[EventRounds "9"]
[EventCountry "CZE"]
[SourceTitle "OM OTB B 201907"]
[Source "Opening Master"]
[SourceDate "2019.07.06"]
[SourceVersion "2"]
[SourceVersionDate "2019.07.06"]
[SourceQuality "1"]

1. e4 c5 2. Nf3 d6 3. d4 Nf6 4. Nc3 cxd4 5. Nxd4 Nc6 6. Be2 e5 7. Nb3 Be7 8.
Be3 O-O 9. O-O Be6 10. Qd2 d5 11. exd5 Nxd5 12. Nxd5 Bxd5 13. Rad1 Be6 14. Bf3
Qc7 15. Nc5 Bf5 16. Qc3 Nd4 17. Ne4 Qxc3 18. Nxc3 Bxc2 19. Rd2 Nxf3+ 20. gxf3
Bf5 21. Nd5 Bd8 22. Re1 Re8 23. Bc5 Bg5 24. Rde2 f6 25. f4 Bh6 26. Ne7+ Rxe7
27. Bxe7 Bxf4 28. f3 b6 29. Rd1 e4 30. Kg2 h5 31. h3 Re8 32. Rd8 Rxd8 33. Bxd8
e3 34. Be7 Bd3 35. Re1 a5 36. Bd8 e2 37. Bxb6 Bd2 38. Kf2 Bxe1+ 39. Kxe1 a4 40.
Bf2 Bc4 41. b3 axb3 42. axb3 Ba6 43. Kd2 g5 44. Ke3 h4 45. b4 Kg7 46. f4 Kg6
47. fxg5 fxg5 48. Kf3 Bb7+ 49. Kxe2 Bg2 50. b5 Bxh3 51. b6 Bg2 52. Be1 Bb7 53.
Kf1 Kh5 54. Kg1 Kg4 55. Kh2 Kf5 56. Kh3 Kf4 57. Bg3+ Kf3 58. Bxh4 Bc8+ 59. Kh2
gxh4 60. b7 Kf4 1/2-1/2

[Event "Abu Dhabi UAE, 24th Open"]
[Site "Abu Dhabi UAE"]
[Date "2017.08.17"]
[Round "4.17"]
[White "Fernandez Borrego, Pablo"]
[Black "Adly, Ahmed"]
[Result "0-1"]
[WhiteElo "2427"]
[BlackElo "2619"]
[PlyCount "91"]
[EventDate "2017.08.14"]
[EventType "swiss"]
[EventRounds "9"]
[EventCountry "UAE"]
[SourceTitle "OM OTB B 201907"]
[Source "Opening Master"]
[SourceDate "2019.07.06"]
[SourceVersion "2"]
[SourceVersionDate "2019.07.06"]
[SourceQuality "1"]

1. e4 c5 2. Nf3 d6 3. d4 cxd4 4. Nxd4 Nf6 5. Nc3 Nc6 6. Be2 e5 7. Nf5 Bxf5 8.
exf5 d5 9. O-O h6 10. Re1 Bc5 11. g4 a6 12. Bf3 e4 13. Bg2 Qd6 14. Na4 Bd4 15.
c4 dxc4 16. Bxe4 O-O-O 17. Qf3 Qb4 18. Nc3 Ne5 19. Qg2 Nxe4 20. Qxe4 Rhe8 21.
Rf1 Nd3 22. Qf3 Qd6 23. Be3 Bxe3 24. fxe3 Qc5 25. Ne4 Qe5 26. Nd2 Nxb2 27. Rf2
c3 28. Nf1 Qe4 29. Rc1 Qxf3 30. Rxf3 Rd3 31. Kf2 Re4 32. Rf4 Rxf4+ 33. exf4 b5
34. g5 hxg5 35. fxg5 b4 36. Ne3 Rd2+ 37. Kg3 Nd3 38. Rc2 Rxc2 39. Nxc2 a5 40.
h4 Kd7 41. h5 Ke8 42. Kf3 Nc1 43. Ke3 Nxa2 44. Kd3 b3 45. Na3 Kf8 46. Kd4 0-1

[Event "St Petersburg RUS, Summer Open 2017"]
[Site "St Petersburg RUS"]
[Date "2017.08.16"]
[Round "1.94"]
[White "Sych, Alina"]
[Black "Egorov, Daniil"]
[Result "0-1"]
[WhiteElo "1599"]
[BlackElo "2112"]
[PlyCount "80"]
[EventDate "2017.08.16"]
[EventType "swiss"]
[EventRounds "9"]
[EventCountry "RUS"]
[SourceTitle "OM OTB B 201907"]
[Source "Opening Master"]
[SourceDate "2019.07.06"]
[SourceVersion "2"]
[SourceVersionDate "2019.07.06"]
[SourceQuality "1"]

1. e4 c5 2. Nf3 d6 3. d4 cxd4 4. Nxd4 Nf6 5. Nc3 Nc6 6. Be2 e5 7. Nb3 Be7 8.
O-O O-O 9. Be3 a5 10. a4 Nb4 11. Nd5 Nfxd5 12. exd5 Bg5 13. Bxg5 Qxg5 14. c3
Na6 15. Nxa5 Nc5 16. Nc4 Bh3 17. Ne3 f5 18. Kh1 f4 19. Ng4 Bxg2+ 20. Kxg2 h5
21. Kh1 hxg4 22. Bxg4 Qh4 23. f3 e4 24. b4 Nd3 25. Be6+ Kh8 26. fxe4 Ne5 27.
Qe1 Qh5 28. Qf2 Rf6 29. Qg2 g5 30. Rg1 Rg6 31. Bg4 Qh4 32. c4 Rh6 33. Ra2 Rf8
34. Bf5 g4 35. Bxg4 Rg8 36. Qh3 Nxg4 37. Qxh4 Rxh4 38. c5 f3 39. c6 f2 40. Rf1
Rxh2# 0-1

[Event "FICS rated standard game"]
[Site "FICS freechess.org"]
[Date "2017.08.14"]
[Round "?"]
[White "GriffyJr"]
[Black "FraLav"]
[Result "0-1"]
[WhiteElo "2067"]
[BlackElo "2088"]
[PlyCount "66"]
[EventDate "2017.??.??"]
[EventType "swiss"]

1. e4 c5 2. Nf3 d6 3. d4 cxd4 4. Nxd4 Nf6 5. Nc3 Nc6 6. Be2 e5 7. Nxc6 bxc6 8.
O-O Be7 9. Bg5 O-O 10. Bc4 Be6 11. Bxe6 fxe6 12. Qf3 Rb8 13. Rab1 Nd5 14. Qg4
Nf4 15. Bh6 Rf7 16. Bxf4 Rxf4 17. Qxe6+ Kh8 18. Kh1 Qf8 19. b3 Rf6 20. Qd7 Rh6
21. Qxa7 Bg5 22. a4 Re8 23. a5 Qf4 24. h3 Rf8 25. Rbd1 Qg4 26. Rxd6 Rxh3+ 27.
gxh3 Qxh3+ 28. Kg1 Bf4 29. Rfd1 Bh2+ 30. Kh1 Bg3+ 31. Kg1 Qh2+ 32. Kf1 Rxf2+
33. Ke1 Qg1# 0-1

[Event "Sabadell ESP, 17th Euro Ch +65"]
[Site "Sabadell ESP"]
[Date "2017.08.13"]
[Round "2.9"]
[White "Ladisic, Alex Sacha"]
[Black "Furman, Boris"]
[Result "0-1"]
[WhiteElo "2037"]
[BlackElo "2202"]
[PlyCount "120"]
[EventDate "2017.08.12"]
[EventType "swiss"]
[EventRounds "9"]
[EventCountry "ESP"]
[SourceTitle "OM OTB B 201907"]
[Source "Opening Master"]
[SourceDate "2019.07.06"]
[SourceVersion "2"]
[SourceVersionDate "2019.07.06"]
[SourceQuality "1"]

1. e4 c5 2. Nf3 Nc6 3. d4 cxd4 4. Nxd4 Nf6 5. Nc3 d6 6. Be2 e5 7. Nb3 Be7 8.
O-O O-O 9. Re1 a5 10. Bf1 a4 11. Nd2 a3 12. bxa3 d5 13. exd5 Nxd5 14. Nxd5 Qxd5
15. Nc4 Qxd1 16. Rxd1 Bf5 17. c3 Rfd8 18. Bb2 Bc5 19. Re1 f6 20. Rad1 Bc2 21.
Rxd8+ Rxd8 22. Ne3 Bd3 23. Rd1 e4 24. c4 Kf7 25. Nd5 Bxf1 26. Kxf1 Na5 27. Bd4
Bxd4 28. Rxd4 f5 29. Ke2 Nc6 30. Rd2 Ne5 31. Rb2 Nxc4 32. Rxb7+ Ke6 33. Nf4+
Ke5 34. Rc7 Nxa3 35. g3 g5 36. Nh3 h6 37. Rc6 f4 38. gxf4+ gxf4 39. Rc5+ Kf6
40. Nxf4 Rb8 41. Ke3 Rb2 42. Rc6+ Kf5 43. Rc5+ Kf6 44. Nd5+ Kg7 45. Nc3 Rc2 46.
Nxe4 Rxa2 47. h4 Nc2+ 48. Kf4 Nd4 49. Kg4 Ne6 50. Rb5 Re2 51. Rb7+ Kf8 52. f3
Rg2+ 53. Kf5 Ng7+ 54. Kf6 Nh5+ 55. Ke5 Rh2 56. Rh7 Rxh4 57. Rxh6 Kg7 58. Ra6
Nf4 59. Ra7+ Kg6 60. Ra6+ Kg7 0-1

[Event "Suwalki Warakomska Memorial-B 1st"]
[Site "Suwalki"]
[Date "2017.08.12"]
[Round "2"]
[White "Czarniecka, Aleksandra"]
[Black "Falkowski, Dawid"]
[Result "1-0"]
[WhiteElo "1875"]
[BlackElo "2013"]
[PlyCount "67"]
[EventDate "2017.08.11"]
[EventType "swiss"]
[EventRounds "9"]
[EventCountry "POL"]
[SourceTitle "OM OTB B 201907"]
[Source "Opening Master"]
[SourceDate "2019.07.06"]
[SourceVersion "2"]
[SourceVersionDate "2019.07.06"]
[SourceQuality "1"]

1. e4 c5 2. Nf3 d6 3. d4 cxd4 4. Nxd4 Nf6 5. Nc3 Nc6 6. Be2 e5 7. Nb3 Be7 8.
O-O O-O 9. Kh1 a5 10. a4 Be6 11. f4 Nb4 12. Nb5 Nxe4 13. Bf3 Bxb3 14. cxb3 Nc5
15. Be3 e4 16. Bxc5 exf3 17. Nxd6 fxg2+ 18. Kxg2 Qd7 19. Bxb4 axb4 20. Nc4 Qf5
21. Qf3 Rfe8 22. Rae1 Bh4 23. Rxe8+ Rxe8 24. Kh1 h6 25. Nd6 Qe6 26. Nxe8 Qxe8
27. Qxb7 Qe2 28. Qg2 Qd3 29. a5 Bf6 30. Ra1 Bd4 31. a6 Kh7 32. Re1 g6 33. Qd5
Kg7 34. a7 1-0

[Event "21st European Teams Women"]
[Site "Hersonissos GRE"]
[Date "2017.08.10"]
[Round "7.31"]
[White "Harshini, A."]
[Black "Keser, Ahmet"]
[Result "1/2-1/2"]
[WhiteElo "2031"]
[BlackElo "2245"]
[PlyCount "46"]
[EventDate "2017.10.28"]
[EventType "team"]
[EventRounds "9"]
[EventCountry "GRE"]
[SourceTitle "The Week in Chess 1188"]
[Source "Mark Crowther"]
[SourceDate "2017.08.14"]
[SourceVersion "1"]
[SourceVersionDate "2017.08.14"]
[SourceQuality "2"]

1. e4 c5 2. Nf3 d6 3. d4 cxd4 4. Nxd4 Nf6 5. Nc3 Nc6 6. Be2 e5 7. Nb3 Be7 8.
O-O O-O 9. Be3 Be6 10. a3 a5 11. Qd3 a4 12. Nd2 d5 13. exd5 Nxd5 14. Nxd5 Qxd5
15. Qxd5 Bxd5 16. Nc4 Nd4 17. Bxd4 Bxc4 18. Bxc4 exd4 19. Rfd1 Bf6 20. Bd3 Rfc8
21. Rab1 Rc5 22. g3 g6 23. Kg2 Kf8 1/2-1/2

[Event "21st European Teams Women"]
[Site "Hersonissos GRE"]
[Date "2017.08.09"]
[Round "6.49"]
[White "Bouget Alexandre (FRA)"]
[Black "Huijzer, Ja"]
[Result "1/2-1/2"]
[WhiteElo "2084"]
[BlackElo "1916"]
[PlyCount "102"]
[EventDate "2017.10.28"]
[EventType "team"]
[EventRounds "9"]
[EventCountry "GRE"]
[SourceTitle "The Week in Chess 1188"]
[Source "Mark Crowther"]
[SourceDate "2017.08.14"]
[SourceVersion "1"]
[SourceVersionDate "2017.08.14"]
[SourceQuality "2"]

1. e4 c5 2. Nf3 Nc6 3. d4 cxd4 4. Nxd4 Nf6 5. Nc3 d6 6. Be2 e5 7. Nb3 Be7 8.
Bg5 O-O 9. Bxf6 Bxf6 10. Bc4 a6 11. Qe2 Nd4 12. Qd3 b5 13. Bd5 Rb8 14. Nxd4
exd4 15. Ne2 Qa5+ 16. Qd2 Qxd2+ 17. Kxd2 Bb7 18. Bxb7 Rxb7 19. Kd3 Rc7 20. Rac1
Rfc8 21. f4 g6 22. Rhe1 a5 23. Ng1 b4 24. Nf3 Bg7 25. e5 dxe5 26. fxe5 Bh6 27.
Nd2 a4 28. Re4 b3 29. axb3 axb3 30. Rxd4 Bxd2 31. Kxd2 Rxc2+ 32. Rxc2 Rxc2+ 33.
Ke3 Rxb2 34. Kf3 Rb1 35. Rd8+ Kg7 36. Rb8 b2 37. Kg3 Re1 38. Rxb2 Rxe5 39. Rb3
h5 40. h4 Re4 41. Kh3 Re7 42. g3 f6 43. Ra3 Rf7 44. Rb3 g5 45. hxg5 fxg5 46.
Kg2 Kg6 47. Rb2 g4 48. Ra2 Kg5 49. Rb2 Rf5 50. Ra2 h4 51. gxh4+ Kxh4 1/2-1/2

[Event "GER-chB Seniors 29th"]
[Site "Berlin"]
[Date "2017.08.09"]
[Round "2"]
[White "Schellknecht, Joerg"]
[Black "Gebuhr, Guenter"]
[Result "1/2-1/2"]
[WhiteElo "1810"]
[BlackElo "1945"]
[PlyCount "60"]
[EventDate "2017.08.07"]
[EventType "swiss"]
[EventRounds "9"]
[EventCountry "GER"]
[SourceTitle "OM OTB B 201907"]
[Source "Opening Master"]
[SourceDate "2019.07.06"]
[SourceVersion "2"]
[SourceVersionDate "2019.07.06"]
[SourceQuality "1"]

1. e4 c5 2. Nf3 Nc6 3. d4 cxd4 4. Nxd4 Nf6 5. Nc3 d6 6. Be2 e5 7. Nb3 Be7 8.
Be3 Be6 9. Bf3 O-O 10. O-O a6 11. Nd5 Bxd5 12. exd5 Na5 13. Qd3 Rc8 14. Nd2 b5
15. b3 Qc7 16. Rfc1 Qc3 17. Qxc3 Rxc3 18. Ne4 Nxe4 19. Bxe4 Nb7 20. Bd2 Rc7 21.
c4 bxc4 22. Rxc4 Rxc4 23. bxc4 Nc5 24. Bc2 Rb8 25. Rb1 Rxb1+ 26. Bxb1 Kf8 27.
Bc2 g6 28. f3 Ke8 29. Bb4 Kd7 30. Kf2 Bd8 1/2-1/2

[Event "21st European Teams Women"]
[Site "Hersonissos GRE"]
[Date "2017.08.08"]
[Round "5.45"]
[White "Brugger, Andreas"]
[Black "Rositsan, Boris"]
[Result "1-0"]
[WhiteElo "1911"]
[BlackElo "2069"]
[PlyCount "95"]
[EventDate "2017.10.28"]
[EventType "team"]
[EventRounds "9"]
[EventCountry "GRE"]
[SourceTitle "The Week in Chess 1188"]
[Source "Mark Crowther"]
[SourceDate "2017.08.14"]
[SourceVersion "1"]
[SourceVersionDate "2017.08.14"]
[SourceQuality "2"]

1. e4 c5 2. Nf3 Nc6 3. d4 cxd4 4. Nxd4 Nf6 5. Nc3 d6 6. Be2 e5 7. Nb3 Be7 8.
Be3 O-O 9. O-O Be6 10. Bf3 Re8 11. h3 a6 12. Qd2 Qc7 13. Rac1 Nb8 14. Rfd1 Nbd7
15. Bg5 h6 16. Be3 Bf8 17. g4 Nb6 18. Nd5 Nfxd5 19. exd5 Bc8 20. Qa5 f5 21.
Bxb6 Qf7 22. Qc3 Qg6 23. Kf1 Be7 24. gxf5 Bxf5 25. Bg4 Bxg4 26. hxg4 Qxg4 27.
Qg3 Qh5 28. Kg2 Bg5 29. Be3 Rf8 30. Bxg5 hxg5 31. Rd3 Rf4 32. Qh3 Rh4 33. Qe6+
Kh8 34. Rh3 Rf8 35. Rxh4 gxh4 36. Qh3 Qg5+ 37. Kf1 Qf4 38. Ke2 Qf6 39. Rf1 Qg6
40. Kd2 Qh5 41. Qg2 e4 42. Ke3 Rf3+ 43. Ke2 Qxd5 44. Rg1 Qf7 45. Nd2 Rf4 46.
Nxe4 d5 47. Nc5 g5 48. Qxg5 1-0

[Event "FICS rated standard game"]
[Site "FICS freechess.org"]
[Date "2017.08.07"]
[Round "?"]
[White "sentiger"]
[Black "Sillycon"]
[Result "0-1"]
[WhiteElo "1921"]
[BlackElo "2413"]
[PlyCount "36"]
[EventDate "2017.??.??"]
[EventType "swiss"]

1. e4 c5 2. Nf3 d6 3. d4 cxd4 4. Nxd4 Nf6 5. Nc3 Nc6 6. Be2 e5 7. Nb3 Be7 8.
Be3 Be6 9. f3 O-O 10. Qd2 d5 11. exd5 Nxd5 12. Nxd5 Bxd5 13. O-O-O Be6 14. Qxd8
Rfxd8 15. Rxd8+ Rxd8 16. Rd1 Rc8 17. Kb1 Nb4 18. c3 Bf5+ 0-1

[Event "Medellin COL, 24th Feria de las Flores "]
[Site "Medellin COL"]
[Date "2017.08.06"]
[Round "6.22"]
[White "Rios Parra, Juan Fernando"]
[Black "Castaneda, Jhon David"]
[Result "0-1"]
[WhiteElo "2074"]
[BlackElo "2173"]
[PlyCount "96"]
[EventDate "2017.08.03"]
[EventType "swiss"]
[EventRounds "9"]
[EventCountry "COL"]
[SourceTitle "OM OTB B 201907"]
[Source "Opening Master"]
[SourceDate "2019.07.06"]
[SourceVersion "2"]
[SourceVersionDate "2019.07.06"]
[SourceQuality "1"]

1. e4 c5 2. Nf3 Nc6 3. d4 cxd4 4. Nxd4 Nf6 5. Nc3 d6 6. Be2 e5 7. Nb3 Be6 8.
Be3 Be7 9. O-O O-O 10. f4 exf4 11. Bxf4 Rc8 12. Kh1 Ne5 13. Qd4 a6 14. Bxe5
dxe5 15. Qxe5 Bd6 16. Qd4 Qc7 17. h3 Be5 18. Qe3 Bxc3 19. bxc3 Qxc3 20. Bd3 Qe5
21. Rae1 Rfd8 22. Rf3 Nd7 23. Rg3 Nf8 24. Rg5 Qb2 25. Ra5 Qc3 26. Rc5 Rxc5 27.
Nxc5 Qb2 28. a4 Qb4 29. Rf1 Rc8 30. Nxe6 Nxe6 31. Qf3 Rf8 32. e5 Nc5 33. Qf5 g6
34. Qf3 Nxa4 35. Be4 Qe7 36. Bxb7 Nc5 37. Bd5 Qxe5 38. Bc4 Ne4 39. Rd1 Ng3+ 40.
Kh2 Nf5+ 41. Kh1 a5 42. Rd5 Qe1+ 43. Kh2 Re8 44. Rd7 Qe5+ 45. g3 Rf8 46. Rd3 h5
47. Kg2 Kg7 48. Kf2 Qc5+ 0-1

[Event "4th Prague Summer Open"]
[Site "Prague CZE"]
[Date "2017.08.06"]
[Round "4.3"]
[White "Lin Chen"]
[Black "Brokken, D."]
[Result "1/2-1/2"]
[WhiteElo "2450"]
[BlackElo "2401"]
[PlyCount "38"]
[EventDate "2017.08.04"]
[SourceTitle "OM OTB B 201907"]
[Source "Opening Master"]
[SourceDate "2019.07.06"]
[SourceVersion "2"]
[SourceVersionDate "2019.07.06"]
[SourceQuality "1"]

1. e4 c5 2. Nf3 d6 3. d4 cxd4 4. Nxd4 Nf6 5. Nc3 Nc6 6. Be2 e5 7. Nf3 h6 8. O-O
Be6 9. Re1 Be7 10. Bf1 O-O 11. Nd5 Bg4 12. h3 Bh5 13. Nxf6+ Bxf6 14. c3 Rb8 15.
a4 Qc7 16. Be2 Bg6 17. Bf1 Bh5 18. Be2 Bg6 19. Bf1 Bh5 1/2-1/2

[Event "FICS rated blitz game"]
[Site "FICS freechess.org"]
[Date "2017.08.06"]
[Round "?"]
[White "Mindtrapper"]
[Black "exeComp"]
[Result "0-1"]
[WhiteElo "1558"]
[BlackElo "2537"]
[PlyCount "34"]
[EventDate "2017.??.??"]
[EventType "blitz"]

1. e4 c5 2. Nf3 d6 3. d4 cxd4 4. Nxd4 Nf6 5. Nc3 Nc6 6. Be2 e5 7. Nxc6 bxc6 8.
g4 h6 9. g5 hxg5 10. Bxg5 Rb8 11. b3 d5 12. a3 Bc5 13. Na4 Bxf2+ 14. Kxf2 Nxe4+
15. Ke1 Qxg5 16. Qd3 Qh4+ 17. Kd1 Nf2+ 0-1

[Event "Liepaja LAT, Rokade Open 2017"]
[Site "Liepaja LAT"]
[Date "2017.08.04"]
[Round "9.4"]
[White "Lintchevski, Daniil"]
[Black "Rogule, Laura"]
[Result "1-0"]
[WhiteElo "2569"]
[BlackElo "2314"]
[PlyCount "39"]
[EventDate "2017.08.03"]
[EventType "swiss"]
[EventRounds "13"]
[EventCountry "LAT"]
[SourceTitle "OM OTB B 201907"]
[Source "Opening Master"]
[SourceDate "2019.07.06"]
[SourceVersion "2"]
[SourceVersionDate "2019.07.06"]
[SourceQuality "1"]

1. e4 c5 2. Nf3 Nc6 3. d4 cxd4 4. Nxd4 Nf6 5. Nc3 d6 6. Be2 e5 7. Nf3 h6 8. O-O
Be6 9. Re1 a6 10. Bf1 Be7 11. Nd5 Bg4 12. Ne3 Bxf3 13. Qxf3 Nd4 14. Qd1 Nxe4
15. c3 Ne6 16. Qa4+ Qd7 17. Qxe4 O-O 18. Nf5 Bf6 19. Rd1 Nc5 20. Qg4 1-0

[Event "13th Gazi-Heraklion Open"]
[Site "Gazi GRE"]
[Date "2017.08.04"]
[Round "8.10"]
[White "Raghavan, Vijay"]
[Black "Lazaridis, S."]
[Result "1-0"]
[WhiteElo "1920"]
[BlackElo "2038"]
[PlyCount "73"]
[EventDate "2017.07.28"]
[EventType "swiss"]
[EventRounds "9"]
[EventCountry "GRE"]
[SourceTitle "The Week in Chess 1187"]
[Source "Mark Crowther"]
[SourceDate "2017.08.07"]
[SourceVersion "1"]
[SourceVersionDate "2017.08.07"]
[SourceQuality "2"]

1. e4 c5 2. Nf3 Nc6 3. d4 cxd4 4. Nxd4 Nf6 5. Nc3 d6 6. Be2 e5 7. Nb3 Be7 8.
O-O a5 9. a4 O-O 10. Be3 Be6 11. Qd2 Nb4 12. Rfd1 Rc8 13. Bf3 Ng4 14. Bxg4 Bxg4
15. f3 Be6 16. Rac1 b6 17. Qf2 Rb8 18. Nb5 Rb7 19. Qe2 Qb8 20. Nd2 Rd8 21. c3
Nc6 22. Nc4 d5 23. exd5 Bxd5 24. Rd2 Bc5 25. Bxc5 bxc5 26. Rcd1 Rbd7 27. Qe3
Qb7 28. Ncd6 Rxd6 29. Nxd6 Rxd6 30. Rxd5 Rxd5 31. Rxd5 Qxb2 32. Qxc5 Qb1+ 33.
Kf2 Qc2+ 34. Kf1 Qb1+ 35. Ke2 Qa2+ 36. Rd2 Qxa4 37. Qxc6 1-0

[Event "EST-chW/U20 Girls"]
[Site "Tallinn"]
[Date "2017.08.04"]
[Round "5"]
[White "Nazarova, Veronika"]
[Black "Narva, Mai"]
[Result "0-1"]
[WhiteElo "1331"]
[BlackElo "2210"]
[PlyCount "47"]
[EventDate "2017.08.01"]
[EventType "tourn"]
[EventRounds "7"]
[EventCountry "EST"]
[SourceTitle "OM OTB B 201907"]
[Source "Opening Master"]
[SourceDate "2019.07.06"]
[SourceVersion "2"]
[SourceVersionDate "2019.07.06"]
[SourceQuality "1"]

1. e4 c5 2. Nf3 Nc6 3. d4 cxd4 4. Nxd4 Nf6 5. Nc3 d6 6. Be2 e5 7. Nb3 Be7 8.
Be3 O-O 9. O-O a5 10. a4 Be6 11. f4 exf4 12. Bxf4 d5 13. exd5 Nxd5 14. Nxd5
Bxd5 15. Qd3 Nb4 16. Qd2 Qb6+ 17. Kh1 Rfd8 18. Qc1 Qg6 19. Bf3 Nxc2 20. Rb1
Bxb3 21. Bxb7 Bd5 22. Bxd5 Rxd5 23. Rf2 Nb4 24. Qe3 0-1